Design, construction and operational data and process management for the built environment (Record no. 114478)

MARC details
000 -LEADER
fixed length control field 01378cad a22002175a 4500
001 - CONTROL NUMBER
control field L156901
008 - FIXED-LENGTH DATA ELEMENTS--GENERAL INFORMATION
fixed length control field 120802e2012 xxk 000 0 eng d
035 ## - SYSTEM CONTROL NUMBER
System control number (Sirsi) u156901
041 0# - LANGUAGE CODE
Language code of text/sound track or separate title eng
110 ## - MAIN ENTRY--CORPORATE NAME
Corporate name or jurisdiction name as entry element British Standards Institution
9 (RLIN) 130
245 00 - TITLE STATEMENT
Title Design, construction and operational data and process management for the built environment
Medium [electronic resource]
260 ## - PUBLICATION, DISTRIBUTION, ETC.
Place of publication, distribution, etc. London
Name of publisher, distributor, etc. BSI
Date of publication, distribution, etc. 2012
490 ## - SERIES STATEMENT
Series statement B/555 Roadmap (2012 Update)
520 ## - SUMMARY, ETC.
Summary, etc. This updated roadmap documents and describes the activities of the BSI B/555 committee (design, modelling and data exchange) in support of delivering clear guidance to the UK industry dedicated to providing and operating built assets. It also supports the vision and mission statement of the committee in the reduction of whole life cost, risk, carbon and the timely delivery of buildings and infrastructure projects. The 2012 update also incorporates the activities in support of the government's 2011 BIM strategy.
590 ## - LOCAL NOTE (RLIN)
Local note KA NTK
651 #4 - SUBJECT ADDED ENTRY--GEOGRAPHIC NAME
Geographic name United Kingdom
Chronological subdivision
690 ## - LOCAL SUBJECT ADDED ENTRY--TOPICAL TERM (OCLC, RLIN)
Topical term or geographic name as entry element Design and specification
690 ## - LOCAL SUBJECT ADDED ENTRY--TOPICAL TERM (OCLC, RLIN)
Topical term or geographic name as entry element BIM
9 (RLIN) 6219
856 40 - ELECTRONIC LOCATION AND ACCESS
Uniform Resource Identifier <a href="https://www.bsigroup.com/upload/Standards%20&%20Publications/publications/B555%20(Construction%20design,%20modelling%20and%20data%20exchange%20committee)%20Road%20Map%20for%20future%20projects.pdf">https://www.bsigroup.com/upload/Standards%20&%20Publications/publications/B555%20(Construction%20design,%20modelling%20and%20data%20exchange%20committee)%20Road%20Map%20for%20future%20projects.pdf</a>
Public note View the item free of charge at www.bsigroup.com
942 ## - ADDED ENTRY ELEMENTS (KOHA)
Suppress in OPAC 0
Holdings
Withdrawn status Lost status Source of classification or shelving scheme Damaged status Not for loan Home library Current library Shelving location Date acquired Total Checkouts Full call number Barcode Date last seen Copy number Price effective from Koha item type
    Dewey Decimal Classification     Virtual Virtual Online 30/07/2012   ONLINE PUBLICATION 156901-2001 06/08/2019 1 06/08/2019 Book